[Event "Belgrade-chT2 Quality"]
[Site "Belgrade"]
[Date "2022.10.28"]
[Round "5.7"]
[White "Matovic, Andjela"]
[Black "Zecevic, Savic"]
[Result "1/2-1/2"]
[WhiteElo "1835"]
[BlackElo "1690"]
[PlyCount "74"]
[EventDate "2022.10.15"]
[EventType "team-tourn"]
[EventRounds "13"]
[EventCountry "SRB"]
[SourceTitle "EXT 2024"]
[Source "ChessBase"]
[SourceDate "2023.10.10"]
[SourceVersion "1"]
[SourceVersionDate "2023.10.10"]
[SourceQuality "1"]
[WhiteTeam "Sremcica"]
[BlackTeam "Zemun"]
[WhiteTeamCountry "SRB"]
[BlackTeamCountry "SRB"]

1. d4 Nf6 2. c4 c5 3. d5 b5 4. Nf3 d6 5. g3 g6 6. Bg2 bxc4 7. Nc3 Bg7 8. Qa4+ Qd7 9. Qxc4 0-0 10. 0-0 Ba6 11. Qh4 Qg4 12. Re1 Nbd7 13. Bh3 Qxh4 14. gxh4 Nb6 15. e4 Nfd7 16. Bg5 Rfe8 17. Bf4 Rad8 18. Rac1 Nc4 19. Bf1 Nce5 20. Bxe5 Nxe5 21. Nxe5 Bxf1 22. Nc6 Bd3 23. Nxd8 Rxd8 24. Kg2 Bh6 25. Ra1 Bd2 26. Red1 Bxc3 27. Rxd3 Bxb2 28. Rb1 c4 29. Rd2 c3 30. Rdxb2 cxb2 31. Rxb2 Rd7 32. a4 Rc7 33. a5 Rc5 34. a6 Ra5 35. Rb7 Rxa6 36. Rxe7 Kf8 37. Rb7 h5 1/2-1/2

[Event "Belgrade-chT Quality"]
[Site "Belgrade"]
[Date "2021.10.30"]
[Round "6.4"]
[White "Lorens Ristovic, Lami M"]
[Black "Matovic, Andjela"]
[Result "1/2-1/2"]
[WhiteElo "2051"]
[BlackElo "1836"]
[PlyCount "20"]
[EventDate "2021.10.16"]
[EventType "team-tourn"]
[EventRounds "11"]
[EventCountry "SRB"]
[SourceTitle "EXT 2023"]
[Source "ChessBase"]
[SourceDate "2022.10.05"]
[SourceVersion "1"]
[SourceVersionDate "2022.10.05"]
[SourceQuality "1"]
[WhiteTeam "Belgrade Cirilo i Metodije"]
[BlackTeam "Belgrade Sremcica"]
[WhiteTeamCountry "SRB"]
[BlackTeamCountry "SRB"]

1. c4 c5 2. e4 Nc6 3. Nf3 g6 4. d4 cxd4 5. Nxd4 Bg7 6. Nxc6 bxc6 7. Be2 Nf6 8. Nc3 0-0 9. 0-0 d6 10. Be3 Qc7 1/2-1/2

[Event "Belgrade-chT Quality"]
[Site "Belgrade"]
[Date "2021.10.17"]
[Round "2.6"]
[White "Matovic, Andjela"]
[Black "Dolas, Sofija"]
[Result "1/2-1/2"]
[WhiteElo "1836"]
[BlackElo "1675"]
[PlyCount "81"]
[EventDate "2021.10.16"]
[EventType "team-tourn"]
[EventRounds "11"]
[EventCountry "SRB"]
[SourceTitle "EXT 2023"]
[Source "ChessBase"]
[SourceDate "2022.10.05"]
[SourceVersion "1"]
[SourceVersionDate "2022.10.05"]
[SourceQuality "1"]
[WhiteTeam "Belgrade Sremcica"]
[BlackTeam "Belgrade Zemun"]
[WhiteTeamCountry "SRB"]
[BlackTeamCountry "SRB"]

1. d4 Nf6 2. c4 e6 3. Nf3 Bb4+ 4. Bd2 Qe7 5. Qb3 Nc6 6. a3 Bxd2+ 7. Nbxd2 d5 8. e3 0-0 9. Be2 a5 10. 0-0 a4 11. Qc2 Bd7 12. Ne5 Na5 13. c5 Qe8 14. Rac1 Bb5 15. Bd3 Bxd3 16. Nxd3 Ne4 17. Nxe4 dxe4 18. Nf4 Qc6 19. Rcd1 Rfd8 20. f3 exf3 21. Rxf3 b6 22. Rdf1 bxc5 23. Nh5 f5 24. dxc5 Nb3 25. Qc3 Rd7 26. Rg3 g6 27. Nf6+ Kf7 28. Nxd7 Qxd7 29. e4 Nd4 30. Qe3 e5 31. exf5 Nxf5 32. Qxe5 Re8 33. Qc3 Kg8 34. Qc4+ Kg7 35. Qc2 Nxg3 36. Qc3+ Kg8 37. Qxg3 Qd4+ 38. Kh1 Qxc5 39. Qd3 Rb8 40. Qd2 Qc4 41. Re1 1/2-1/2

[Event "Belgrade Trophy 31st"]
[Site "Belgrade"]
[Date "2017.11.29"]
[Round "6"]
[White "Matovic, Andjela"]
[Black "Arsenovic, Milos"]
[Result "1-0"]
[WhiteElo "1814"]
[BlackElo "2145"]
[PlyCount "157"]
[EventDate "2017.11.24"]
[EventType "swiss"]
[EventRounds "9"]
[EventCountry "SRB"]
[SourceTitle "CBM 181 Extra"]
[Source "ChessBase"]
[SourceDate "2017.12.12"]
[SourceVersion "1"]
[SourceVersionDate "2017.12.12"]
[SourceQuality "1"]

1. d4 Nf6 2. c4 g6 3. Nc3 Bg7 4. Nf3 0-0 5. Bg5 d6 6. e3 c6 7. Bd3 Qc7 8. 0-0 Nbd7 9. Qc2 e5 10. b4 b6 11. Rac1 Bb7 12. b5 Rac8 13. Nd2 cxb5 14. Nxb5 Qb8 15. Qa4 a6 16. Nc3 Rfe8 17. Qa3 h6 18. Bh4 exd4 19. exd4 Qa8 20. d5 Nc5 21. Bb1 Rc7 22. Bg3 Qd8 23. Qb4 Rce7 24. Na4 Re2 25. Rcd1 Nh5 26. Nc3 Nxg3 27. hxg3 R2e7 28. Nf3 Bc8 29. Nd4 a5 30. Qb2 Bd7 31. Ncb5 Re2 32. Qa3 Bxb5 33. Nxb5 Qe7 34. Nd4 Bxd4 35. Rxd4 Qf6 36. Rf4 Qe5 37. Kh2 Re1 38. Rxe1 Qxe1 39. Qb2 Re5 40. g4 Qe2 41. Qxb6 g5 42. Rf3 Re7 43. Qxd6 Qe5+ 44. Qxe5 Rxe5 45. Rf6 Re1 46. Rc6 Nd7 47. Bf5 Ne5 48. Rc8+ Kg7 49. d6 Rd1 50. c5 Kf6 51. Rc7 h5 52. f3 Rd2 53. Kg1 h4 54. Be4 Rxa2 55. d7 Ke7 56. c6 Rd2 57. Ra7 Rd1+ 58. Kh2 Rc1 59. Ra8 Nxd7 60. cxd7 Kxd7 61. Rxa5 f6 62. Bf5+ Kd6 63. Ra6+ Ke7 64. Re6+ Kf7 65. Re2 Ra1 66. g3 hxg3+ 67. Kxg3 Ra4 68. Kf2 Ra3 69. Rb2 Ra7 70. Ke3 Ke7 71. Be4 Ra3+ 72. Kd4 Ra4+ 73. Kc5 Ra5+ 74. Rb5 Ra1 75. Rb7+ Ke6 76. Bd5+ Ke5 77. Re7+ Kf4 78. Re4+ Kg3 79. Re6 1-0

[Event "Belgrade Trophy 31st"]
[Site "Belgrade"]
[Date "2017.11.24"]
[Round "1"]
[White "Vujacic, Borivoje"]
[Black "Matovic, Andjela"]
[Result "1/2-1/2"]
[WhiteElo "2244"]
[BlackElo "1814"]
[PlyCount "127"]
[EventDate "2017.11.24"]
[EventType "swiss"]
[EventRounds "9"]
[EventCountry "SRB"]
[SourceTitle "CBM 181 Extra"]
[Source "ChessBase"]
[SourceDate "2017.12.12"]
[SourceVersion "1"]
[SourceVersionDate "2017.12.12"]
[SourceQuality "1"]

1. e4 e5 2. Nf3 Nf6 3. Nxe5 d6 4. Nf3 Nxe4 5. d4 d5 6. Bd3 Bd6 7. 0-0 0-0 8. Re1 Re8 9. Nc3 Nxc3 10. Rxe8+ Qxe8 11. bxc3 Bg4 12. Bd2 h6 13. h3 Be6 14. Rb1 Qc8 15. Qc1 Bf8 16. Bf4 Nd7 17. Ne5 Nxe5 18. Bxe5 c5 19. Qb2 c4 20. Be2 b6 21. Qb5 Qd7 22. a4 Qxb5 23. Rxb5 Rd8 24. Bf3 Kh7 25. Kf1 Rd7 26. Ke1 Be7 27. a5 Bd8 28. a6 g5 29. Bg4 Kg6 30. Kd2 Bc7 31. Ke3 f5 32. Bf3 f4+ 33. Kd2 Bxe5 34. dxe5 Kf5 35. Rb1 Kxe5 36. g4 Kd6 37. h4 Rg7 38. Rh1 Bc8 39. hxg5 hxg5 40. Rh8 Bxa6 41. Rd8+ Rd7 42. Rg8 Bb7 43. Rxg5 Rf7 44. Rg6+ Ke5 45. g5 Bc8 46. Rg8 Be6 47. Re8 Kd6 48. g6 Rg7 49. Bh5 Bf5 50. Rf8 Ke6 51. Re8+ Kd7 52. Re5 Be6 53. Ke2 a5 54. Kf3 Ke7 55. Kxf4 Kf6 56. Re1 b5 57. Rb1 Rb7 58. Ra1 b4 59. Rxa5 b3 60. cxb3 cxb3 61. Bd1 Rb6 62. Ra1 d4 63. Bxb3 Bxb3 64. cxd4 1/2-1/2

[Event "Belgrade Jezero op"]
[Site "Belgrade"]
[Date "2017.08.05"]
[Round "1"]
[White "Matovic, Andjela"]
[Black "Matovic, Mihajlo Z"]
[Result "1-0"]
[WhiteElo "1780"]
[BlackElo "2248"]
[PlyCount "87"]
[EventDate "2017.08.05"]
[EventType "swiss"]
[EventRounds "9"]
[EventCountry "SRB"]
[SourceTitle "CBM 180 Extra"]
[Source "ChessBase"]
[SourceDate "2017.10.06"]
[SourceVersion "1"]
[SourceVersionDate "2017.10.06"]
[SourceQuality "1"]

1. d4 Nf6 2. Nf3 e6 3. g3 d5 4. Bg2 Be7 5. 0-0 0-0 6. c4 c6 7. Nc3 Nbd7 8. a4 a5 9. Qc2 b6 10. Ne5 Nxe5 11. dxe5 Nd7 12. cxd5 cxd5 13. Rd1 Bc5 14. e3 Ba6 15. f4 Rc8 16. Bd2 Nb8 17. Kh1 Nc6 18. Nb5 Bxb5 19. axb5 Ne7 20. Qd3 Nf5 21. Bh3 g6 22. Ra4 Qe7 23. Bxf5 gxf5 24. Qb1 Rfd8 25. b4 axb4 26. Bxb4 Qb7 27. Kg1 Bxe3+ 28. Kg2 d4+ 29. Kh3 Kh8 30. Rf1 Rg8 31. Qd1 Qd5 32. Be7 Rg6 33. Qh5 Qxb5 34. Rfa1 h6 35. Ra7 Qe8 36. Bf6+ Kh7 37. Re7 Qg8 38. Raa7 Rf8 39. Rxe6 d3 40. Qxf5 d2 41. Rd6 Ra8 42. Rad7 Ra5 43. Rd8 Ra1 44. Rxg8 1-0

[Event "SRB-ch U20 Girls"]
[Site "Belgrade"]
[Date "2017.05.01"]
[Round "6"]
[White "Matovic, Andjela"]
[Black "Miljkovic, Jovana"]
[Result "0-1"]
[WhiteElo "1803"]
[BlackElo "2054"]
[PlyCount "108"]
[EventDate "2017.04.28"]
[EventType "tourn"]
[EventRounds "9"]
[EventCountry "SRB"]
[SourceTitle "CBM 178 Extra"]
[Source "ChessBase"]
[SourceDate "2017.06.22"]
[SourceVersion "1"]
[SourceVersionDate "2017.06.22"]
[SourceQuality "1"]

1. e4 c5 2. Nc3 d6 3. g3 Nc6 4. Bg2 g6 5. d3 Bg7 6. Be3 Rb8 7. Qd2 b5 8. Nge2 Nd4 9. 0-0 e6 10. Nf4 Ne7 11. Nd1 e5 12. Ne2 0-0 13. c3 Nxe2+ 14. Qxe2 Qc7 15. f4 f5 16. Nf2 b4 17. Qd2 bxc3 18. bxc3 Ba6 19. Rac1 Qa5 20. Rfd1 Qa3 21. Rc2 Bb5 22. Rb1 Ba4 23. Rcb2 Rxb2 24. Qxb2 Qxb2 25. Rxb2 exf4 26. Bxf4 Bxc3 27. Rb7 Nc8 28. exf5 Re8 29. Bd5+ Kh8 30. Be4 gxf5 31. Bxf5 Re1+ 32. Kg2 Bc6+ 33. Be4 Rxe4 34. Rc7 Rxf4+ 35. Rxc6 Rf8 36. Nh3 Be5 37. Ng5 h6 38. Ne4 Rd8 39. Kh3 Nb6 40. Kg4 Rc8 41. Rxc8+ Nxc8 42. Kh5 Kg7 43. Nf2 Ne7 44. Ng4 Ng8 45. Ne3 Nf6+ 46. Kh4 Kg6 47. a4 d5 48. Kh3 Bd4 49. Nc2 Nd7 50. Kg2 Ne5 51. Ne1 Bc3 52. Nf3 Nxf3 53. Kxf3 Kf5 54. g4+ Kg5 0-1

[Event "SRB-ch U20 Girls"]
[Site "Belgrade"]
[Date "2017.04.30"]
[Round "5"]
[White "Bojicic, Andjela"]
[Black "Matovic, Andjela"]
[Result "1-0"]
[WhiteElo "2166"]
[BlackElo "1803"]
[PlyCount "71"]
[EventDate "2017.04.28"]
[EventType "tourn"]
[EventRounds "9"]
[EventCountry "SRB"]
[SourceTitle "CBM 178 Extra"]
[Source "ChessBase"]
[SourceDate "2017.06.22"]
[SourceVersion "1"]
[SourceVersionDate "2017.06.22"]
[SourceQuality "1"]

1. d4 d5 2. c4 c6 3. cxd5 cxd5 4. Nc3 Nf6 5. Bf4 Nc6 6. e3 a6 7. Bd3 e6 8. Rc1 Be7 9. Nf3 0-0 10. h3 Nb4 11. Bb1 Bd7 12. 0-0 Rc8 13. a3 Nc6 14. Na4 b5 15. Nc5 Bxc5 16. dxc5 Re8 17. Ne5 Nxe5 18. Bxe5 Bc6 19. Qd3 g6 20. b4 Nd7 21. Bb2 e5 22. f4 Qh4 23. Rf2 Rcd8 24. Rcf1 f5 25. Ba2 Nf6 26. fxe5 Ne4 27. Rf4 Qg3 28. R4f3 Qg5 29. Qd4 Re6 30. Bb1 Ng3 31. Re1 Rd7 32. h4 Qg4 33. Qxg4 fxg4 34. Rxg3 h5 35. Rd1 Re8 36. Bxg6 1-0

[Event "SRB-ch U18 Girls"]
[Site "Kragujevac"]
[Date "2017.04.17"]
[Round "10"]
[White "Soklovacki, Mila"]
[Black "Matovic, Andjela"]
[Result "1-0"]
[WhiteElo "1754"]
[BlackElo "1803"]
[PlyCount "46"]
[EventDate "2017.04.11"]
[EventType "tourn"]
[EventRounds "10"]
[EventCountry "SRB"]
[SourceTitle "EXT 2019"]
[Source "ChessBase"]
[SourceDate "2018.10.10"]
[SourceVersion "1"]
[SourceVersionDate "2018.10.10"]
[SourceQuality "1"]

1. e4 e5 2. Nf3 Nc6 3. d4 exd4 4. Nxd4 Nf6 5. Nxc6 bxc6 6. Bd3 Be7 7. 0-0 0-0 8. e5 Nd5 9. c4 Nb6 10. Nc3 d5 11. exd6 cxd6 12. Qc2 g6 13. Bh6 Re8 14. Rfe1 Be6 15. Rxe6 fxe6 16. Bxg6 Bf8 17. Bxh7+ Kh8 18. Qg6 Bxh6 19. Qxh6 Re7 20. Bf5+ Kg8 21. Bxe6+ Rxe6 22. Qxe6+ Kg7 23. Rd1 d5 1-0

[Event "SRB-ch U18 Girls"]
[Site "Kragujevac"]
[Date "2017.04.13"]
[Round "4"]
[White "Stanimirovic, Marija"]
[Black "Matovic, Andjela"]
[Result "0-1"]
[WhiteElo "2014"]
[BlackElo "1803"]
[PlyCount "80"]
[EventDate "2017.04.11"]
[EventType "tourn"]
[EventRounds "10"]
[EventCountry "SRB"]
[SourceTitle "EXT 2019"]
[Source "ChessBase"]
[SourceDate "2018.10.10"]
[SourceVersion "1"]
[SourceVersionDate "2018.10.10"]
[SourceQuality "1"]

1. c4 c5 2. Nc3 Nc6 3. Nf3 Nf6 4. d4 cxd4 5. Nxd4 e6 6. g3 Qb6 7. Ndb5 d5 8. cxd5 Nxd5 9. Nxd5 exd5 10. e3 Be6 11. Be2 Bc5 12. 0-0 Rd8 13. Bd3 Ne5 14. Qe2 0-0 15. b3 Nxd3 16. Qxd3 Bh3 17. Re1 Qf6 18. Nd4 h5 19. Bb2 h4 20. Qe2 Qg6 21. Nf3 hxg3 22. hxg3 Qe4 23. Kh2 Bg4 24. Kg2 Rfe8 25. Qd1 Rd6 26. Rc1 Bb6 27. Rh1 d4 28. Rh4 Rf6 29. Rxg4 Qxg4 30. Nxd4 Qe4+ 31. Kg1 Rd8 32. Qf1 Rh6 33. Qg2 Qd3 34. Ba1 a6 35. Qxb7 Rdd6 36. Qc8+ Bd8 37. Qb7 Rh3 38. Qc8 Qh7 39. Kg2 Rh2+ 40. Kf3 Qh5+ 0-1

[Event "SRB-ch U18 Girls"]
[Site "Kragujevac"]
[Date "2017.04.12"]
[Round "2"]
[White "Miljkovic, Jovana"]
[Black "Matovic, Andjela"]
[Result "1-0"]
[WhiteElo "2054"]
[BlackElo "1803"]
[PlyCount "107"]
[EventDate "2017.04.11"]
[EventType "tourn"]
[EventRounds "10"]
[EventCountry "SRB"]
[SourceTitle "EXT 2019"]
[Source "ChessBase"]
[SourceDate "2018.10.10"]
[SourceVersion "1"]
[SourceVersionDate "2018.10.10"]
[SourceQuality "1"]

1. d4 d5 2. c4 c6 3. Nc3 Nf6 4. e3 e6 5. Nf3 Nbd7 6. Qc2 Be7 7. Bd3 b6 8. 0-0 0-0 9. e4 dxe4 10. Nxe4 Bb7 11. Bf4 Nxe4 12. Bxe4 Nf6 13. Bd3 Bd6 14. Be5 h6 15. Rad1 Qe7 16. Rfe1 Rfd8 17. h3 Rac8 18. Re3 Nd7 19. Bxd6 Qxd6 20. Ne5 Qe7 21. Ng4 f5 22. Bxf5 Nf8 23. Qe2 Rd6 24. Rg3 Kh8 25. Bb1 Rcd8 26. Qe5 Qg5 27. Qxg5 hxg5 28. Rgd3 Ng6 29. g3 Ne7 30. Ne5 Kg8 31. g4 g6 32. Kf1 a5 33. Ke1 Rf8 34. Nf3 Rf4 35. Nxg5 Kg7 36. Re3 Bc8 37. Re4 Rf6 38. Re3 Rf4 39. Ne4 Rd8 40. Rd2 a4 41. b3 axb3 42. axb3 Kh6 43. Ke2 Rdf8 44. Ra2 g5 45. Ra7 Ng6 46. f3 Nh4 47. Nd2 Ng6 48. Bxg6 Kxg6 49. Re4 R4f6 50. Rc7 Rh8 51. Re5 b5 52. Ne4 Rf7 53. Rxg5+ Kh6 54. Rxf7 1-0

[Event "SRB-ch sf Belgrade-ch"]
[Site "Belgrade"]
[Date "2017.01.30"]
[Round "8"]
[White "Matovic, Andjela"]
[Black "Ivic, Velimir"]
[Result "0-1"]
[WhiteElo "1745"]
[BlackElo "2286"]
[PlyCount "70"]
[EventDate "2017.01.23"]
[EventType "swiss"]
[EventRounds "9"]
[EventCountry "SRB"]
[SourceTitle "EXT 2018"]
[Source "ChessBase"]
[SourceDate "2017.10.13"]
[SourceVersion "1"]
[SourceVersionDate "2017.10.13"]
[SourceQuality "1"]

1. d4 Nf6 2. e3 g6 3. Bd3 Bg7 4. Nd2 0-0 5. Ngf3 d5 6. Ne5 c5 7. c3 Nfd7 8. Ndf3 Nxe5 9. Nxe5 f6 10. Nf3 e5 11. Be2 e4 12. Nd2 cxd4 13. cxd4 Nc6 14. a3 f5 15. f4 g5 16. Nb3 gxf4 17. exf4 a5 18. a4 Qh4+ 19. g3 Qh3 20. Bf1 Qh6 21. Be3 Qg6 22. Be2 Be6 23. 0-0 Bf7 24. Nc5 Qd6 25. Nxb7 Qb4 26. Nc5 Nxd4 27. Nd7 Rfc8 28. Ne5 Nc2 29. Bd2 Qd4+ 30. Kg2 Nxa1 31. Nxf7 Kxf7 32. Qxa1 Qxd2 33. Rf2 Qd4 34. Qa3 Bf8 35. Bh5+ Kg7 0-1

[Event "Belgrade Trophy 30th"]
[Site "Belgrade"]
[Date "2016.11.24"]
[Round "1"]
[White "Matovic, Andjela"]
[Black "Ivic, Velimir"]
[Result "0-1"]
[WhiteElo "1796"]
[BlackElo "2245"]
[PlyCount "70"]
[EventDate "2016.11.24"]
[EventType "swiss"]
[EventRounds "9"]
[EventCountry "SRB"]
[SourceTitle "CBM 175 Extra"]
[Source "ChessBase"]
[SourceDate "2016.12.12"]
[SourceVersion "1"]
[SourceVersionDate "2016.12.12"]
[SourceQuality "1"]

1. d4 Nf6 2. Nf3 g6 3. c4 Bg7 4. Nc3 d5 5. e3 0-0 6. cxd5 Nxd5 7. Bc4 Nb6 8. Be2 c5 9. 0-0 cxd4 10. Nxd4 a6 11. Bf3 e5 12. Nb3 Qe7 13. Qc2 a5 14. e4 a4 15. Nd2 Nc6 16. Nb5 Be6 17. b3 axb3 18. Nxb3 Qb4 19. Na3 Rxa3 20. Bxa3 Qxa3 21. Qc5 Qa6 22. Rfe1 Rc8 23. Qe3 Nd4 24. Nxd4 exd4 25. Qg5 h6 26. Qf4 Nd7 27. e5 Rc7 28. Rab1 Nxe5 29. Bxb7 Qxa2 30. Ra1 Qc4 31. Rec1 Qb5 32. Rcb1 Qd7 33. Ra8+ Kh7 34. Be4 d3 35. Rb7 d2 0-1

[Event "Belgrade-chT Quality"]
[Site "Belgrade"]
[Date "2016.10.16"]
[Round "6.4"]
[White "Zivkovic, Luka"]
[Black "Matovic, Andjela"]
[Result "0-1"]
[WhiteElo "1312"]
[BlackElo "1814"]
[PlyCount "98"]
[EventDate "2016.10.01"]
[EventType "team-tourn"]
[EventRounds "11"]
[EventCountry "SRB"]
[SourceTitle "EXT 2018"]
[Source "ChessBase"]
[SourceDate "2017.10.13"]
[SourceVersion "1"]
[SourceVersionDate "2017.10.13"]
[SourceQuality "1"]

1. e4 e5 2. Nc3 Nc6 3. d3 Nf6 4. Nge2 Bb4 5. a3 Ba5 6. Bg5 h6 7. Bd2 Bb6 8. Ng3 d6 9. Be2 Be6 10. 0-0 Qd7 11. Bh5 g6 12. Bf3 Nd4 13. Be3 Nxf3+ 14. Qxf3 Qe7 15. Bxb6 axb6 16. Nb5 Nh7 17. Qe3 c6 18. Nc3 h5 19. Qxb6 h4 20. Nge2 g5 21. Qe3 g4 22. d4 Ng5 23. Kh1 g3 24. fxg3 h3 25. Rf2 hxg2+ 26. Rxg2 Bg4 27. Rf1 Bh3 28. d5 Bxg2+ 29. Kxg2 c5 30. Nb5 f6 31. Qc3 Qd7 32. Rxf6 Qh3+ 33. Kg1 Qxh2+ 34. Kf1 Qh1+ 35. Ng1 Rf8 36. Nxd6+ Kd7 37. Rxf8 Rxf8+ 38. Nf5 Nxe4 39. Qd3 Rxf5+ 40. Ke2 Nxg3+ 41. Qxg3 Qxd5 42. Qg7+ Rf7 43. Qg4+ Kc7 44. Nf3 e4 45. Ng5 Qc4+ 46. Ke3 Qd4+ 47. Ke2 Rf2+ 48. Ke1 Qe3+ 49. Kd1 Qd2# 0-1